Taekwondo Belts - Statistics

General Stats
  • This quiz has been taken 251 times
  • The average score is 15 of 16
Answer Stats
Answer % Correct
White
100%
Green
99%
Low Green
99%
Low Yellow
99%
Black
98%
Deputy Black
98%
Low Red
98%
Red
98%
Yellow
98%
Low Blue
97%
Blue
96%
Low Orange
85%
Orange
85%
Low Purple
84%
Purple
84%
Low Brown
82%
No matching quizzes found
Score Distribution
Percent of People with Each Score
Percentile by Number Answered
Your Score History
You have not taken this quiz